| 000 | 01109nam a22002537a 4500 | ||
|---|---|---|---|
| 999 |
_c22075 _d22075 |
||
| 003 | AR-CdUCM | ||
| 008 | 190425b ||||| |||| 00| 0 spa d | ||
| 040 |
_aMUNICIPALIDAD PROVINCIAL DEL CUSCO _cBIBLIOTECA MUNICIPAL DEL CUSCO |
||
| 082 | _aSitua/N°1/2004 | ||
| 245 |
_aSitua : _bRevista semestral de la Facultad de Medicina Humana / _cFacultad de Medicina Humana, Universidad Nacional de San Antonio Abad del Cusco |
||
| 260 |
_aCusco : _b[UNSAAC], _c2004. |
||
| 300 |
_a64 páginas. : _c31 cm. |
||
| 440 |
_aSitua revista semestral de la Facultad de Medicina Humana. _nVol 13, N° 1, marzo-junio 2004. _947359 |
||
| 505 | _aContenido: Análisis de la mortalidad perinatal del ámbito de la Dirección Regional de Salud de Cusco. Rosas Rojas, Carmen. ... | ||
| 650 |
_aMedicina humana _947329 |
||
| 650 |
_aSalud pública _96404 |
||
| 650 |
_aHospitales _947330 |
||
| 650 |
_aCentros de Salud _932510 |
||
| 700 |
_aRosas Rojas, Carmen _947360 |
||
| 710 |
_aFacultad de Medicina Humana _947335 |
||
| 710 |
_aUniversidad Nacional de San Antonio Abad del Cusco _915942 |
||
| 942 |
_2ddc _cPP |
||
| 945 | _avhl | ||